|
|
|
|
| LEADER |
01486nam a2200409 a 4500 |
| 001 |
nkc20092007386 |
| 003 |
CZ PrNK |
| 005 |
20100211094107.0 |
| 007 |
ta |
| 008 |
091021s2009 xr a g 000 j cze |
| 015 |
|
|
|a cnb002007386
|
| 020 |
|
|
|a 978-80-257-0202-4
|q (váz.)
|
| 035 |
|
|
|a (OCoLC)551385354
|
| 040 |
|
|
|a OLA001
|b cze
|
| 041 |
1 |
|
|a cze
|h eng
|
| 072 |
|
7 |
|a 821.111-3
|x Anglická próza, anglicky psaná
|2 Konspekt
|9 25
|
| 080 |
|
|
|a 821.111-32
|2 MRF
|
| 080 |
|
|
|a (0:82-322.9)
|2 MRF
|
| 100 |
1 |
|
|a Clarke, Susanna,
|d 1959-
|7 xx0030688
|4 aut
|
| 245 |
1 |
0 |
|a Dámy z Grace Adieu a jiné povídky /
|c Susanna Clarková ; ilustroval Charles Vess ; přeložil Viktor Janiš
|
| 246 |
3 |
0 |
|a Dámy z Grace Adieu
|
| 250 |
|
|
|a Vyd. 1.
|
| 260 |
|
|
|a Praha :
|b Argo,
|c 2009
|
| 300 |
|
|
|a 215 s. :
|b il. ;
|c 24 cm
|
| 500 |
|
|
|a Přeloženo z angličtiny
|
| 655 |
|
7 |
|a anglické povídky
|7 fd131811
|2 czenas
|
| 655 |
|
7 |
|a fantasy povídky
|7 fd132238
|2 czenas
|
| 655 |
|
9 |
|a English short stories
|2 eczenas
|
| 655 |
|
9 |
|a fantasy short stories
|2 eczenas
|
| 700 |
1 |
|
|a Vess, Charles,
|d 1951-
|7 xx0031089
|4 ill
|
| 765 |
0 |
|
|t Ladies of Grace Adieu and other stories
|9 Česky
|
| 856 |
4 |
1 |
|u http://www.digitalniknihovna.cz/mzk/uuid/uuid:462e13f0-78a5-11e5-9690-005056827e51
|y Digitalizovaný dokument
|x NDK
|
| 910 |
2 |
|
|a BOA001
|b 2-1235.631
|
| 990 |
|
|
|a BK
|
| 995 |
|
|
|a 01
|
| 991 |
|
|
|b 201002
|
| 996 |
6 |
|
|b 2610406170
|c 2-1235.631
|l MZK
|r Sklad / do 1 hodiny
|n 3
|p p.v.
|w 001105187
|u 000010
|a 1
|e BOA001
|j MZK50
|s P
|